[Event "39th WCh U20 Girls"]
[Site "Mexico City MEX"]
[Date "2023.09.28"]
[Round "8.4"]
[White "Mkrtchian, Mariam"]
[Black "Demchenko, Svitlana"]
[Result "1-0"]
[WhiteElo "2343"]
[BlackElo "2169"]
[EventDate "2023.09.21"]
[PlyCount "65"]

1.d4 Nf6 2.c4 g6 3.Nc3 Bg7 4.e4 d6 5.Be2 O-O 6.Be3 Nc6 7.d5 Ne5 8.f4 Neg4 
9.Bd2 Nh6 10.Nf3 c6 11.a4 cxd5 12.cxd5 e6 13.dxe6 Bxe6 14.O-O d5 15.e5 Ne4
16.a5 Nf5 17.g4 Ne7 18.Nxe4 dxe4 19.Ng5 Qd4+ 20.Kh1 Rad8 21.Bc3 Qe3 22.Qe1
Bd5 23.Ra3 Rfe8 24.e6 Qc5 25.Nxf7 Bxe6 26.Nxd8 Rxd8 27.Bxg7 Kxg7 28.Rh3 h5
29.f5 gxf5 30.Rxh5 Rd5 31.Qh4 Ng6 32.Rh7+ Kg8 33.Qh6 1-0

[Event "39th WCh U20 Girls"]
[Site "Mexico City MEX"]
[Date "2023.09.28"]
[Round "8.5"]
[White "Hryzlova, Sofiia"]
[Black "Bommini, Mounika Akshaya"]
[Result "1/2-1/2"]
[WhiteElo "2228"]
[BlackElo "2096"]
[EventDate "2023.09.21"]
[PlyCount "83"]

1.Nf3 d5 2.d4 e6 3.c3 Nf6 4.Bf4 Bd6 5.e3 c5 6.Nbd2 O-O 7.Bd3 Qc7 8.dxc5 
Bxf4 9.exf4 Qxf4 10.b4 Nbd7 11.Nf1 Ne5 12.Ne3 Nxd3+ 13.Qxd3 Qc7 14.O-O b6 
15.cxb6 axb6 16.Qd4 Ba6 17.Rfb1 Ne4 18.Rc1 Nd6 19.a4 Rfc8 20.h4 f6 21.Qg4 
Qf7 22.Qd4 Qc7 23.h5 Be2 24.h6 Bxf3 25.gxf3 Nf7 26.Qg4 Nxh6 27.Qxe6+ Qf7 
28.Qxf7+ Kxf7 29.Nxd5 Rc6 30.c4 Nf5 31.c5 bxc5 32.b5 Rd6 33.Rxc5 Nd4 34.
Ra3 Ne6 35.Nc7 Rxa4 36.Rxa4 Nxc5 37.Ra7 Nd7 38.Ra6 Rb6 39.Ra7 Rd6 40.Kg2 
g5 41.Ra6 Rb6 42.Ra7 1/2-1/2

[Event "39th WCh U20 Girls"]
[Site "Mexico City MEX"]
[Date "2023.09.28"]
[Round "8.6"]
[White "Djidjeli, Sarah"]
[Black "Lu Miaoyi"]
[Result "0-1"]
[WhiteElo "2058"]
[BlackElo "2214"]
[EventDate "2023.09.21"]
[PlyCount "64"]

1.e4 c5 2.Nf3 e6 3.d4 cxd4 4.Nxd4 Nf6 5.Bd3 Nc6 6.Nxc6 bxc6 7.Bf4 d5 8.Nd2
Nd7 9.e5 Qb6 10.O-O Qd4 11.Bg3 Nxe5 12.Nf3 Nxf3+ 13.Qxf3 Be7 14.Rfe1 Qf6 
15.Qh5 Qg5 16.Qf3 O-O 17.Bf4 Qf6 18.c3 g5 19.Qh5 Qg7 20.Bg3 f6 21.h4 g4 
22.f3 gxf3 23.Qxf3 e5 24.Bc2 Kh8 25.Kh2 Rg8 26.Rf1 Bg4 27.Qe3 Be2 28.Rf2 
d4 29.cxd4 exd4 30.Qxd4 Qxg3+ 31.Kg1 Rg4 32.Qd7 Rxh4 0-1

[Event "39th WCh U20 Girls"]
[Site "Mexico City MEX"]
[Date "2023.09.28"]
[Round "8.7"]
[White "Sultanbek, Zeinep"]
[Black "Rakshitta, Ravi"]
[Result "1/2-1/2"]
[WhiteElo "2022"]
[BlackElo "2272"]
[EventDate "2023.09.21"]
[PlyCount "61"]

1.Nf3 Nf6 2.g3 c5 3.Bg2 Nc6 4.d4 cxd4 5.Nxd4 g6 6.O-O Bg7 7.c4 O-O 8.Nc3 
Nxd4 9.Qxd4 d6 10.Rd1 Be6 11.Bxb7 Nd5 12.Qd3 Nxc3 13.bxc3 Rb8 14.Bd5 Bf5 
15.Be4 Bxe4 16.Qxe4 Bxc3 17.Bh6 Bxa1 18.Bxf8 Kxf8 19.Rxa1 Qb6 20.Rd1 Qb2 
21.h4 Qxa2 22.c5 Qb3 23.Qd4 Qb2 24.cxd6 Qxd4 25.Rxd4 e5 26.Rd5 f6 27.Rc5 
Rd8 28.Rc7 a5 29.Ra7 Rxd6 30.Rxa5 Rd7 31.Ra6 1/2-1/2

[Event "39th WCh U20 Girls"]
[Site "Mexico City MEX"]
[Date "2023.09.28"]
[Round "8.8"]
[White "Hernandez Diaz, Paula Sofia"]
[Black "Hernandez Gil, Ineymig"]
[Result "0-1"]
[WhiteElo "1796"]
[BlackElo "2170"]
[EventDate "2023.09.21"]
[PlyCount "104"]

1.c4 c6 2.d4 d5 3.Nf3 Nf6 4.e3 a6 5.Nbd2 Bf5 6.Be2 e6 7.O-O Nbd7 8.b3 Bd6 
9.Bb2 O-O 10.Re1 Qe7 11.a3 h6 12.Ne5 Ne4 13.Nxe4 Bxe4 14.Bd3 Bxe5 15.dxe5 
Nc5 16.Bf1 Rfd8 17.Bd4 dxc4 18.Bxc4 b5 19.Bf1 Nd7 20.Qe2 c5 21.Bb2 Nb6 22.
Red1 Rac8 23.a4 Rxd1 24.Rxd1 bxa4 25.Qxa6 Qc7 26.bxa4 Ra8 27.Qb5 Nxa4 28.
Ba1 Bc6 29.Qc4 Rb8 30.Qc2 Qb7 31.f3 Qb4 32.Rc1 Bd5 33.Bc3 Qa3 34.Bd2 Rb2 
35.Qd1 Bb3 36.Qe1 Ra2 37.Rb1 Bc2 38.Bc1 Qc3 39.Bd2 Qxe5 40.Rc1 Bb3 41.Bc3 
Qd5 42.e4 Qg5 43.Kh1 e5 44.Rb1 c4 45.Rc1 Nc5 46.Ra1 Rc2 47.Ra8+ Kh7 48.g3 
Rc1 49.Qf2 Nd3 50.Qg2 Rxc3 51.h4 Qe3 52.Ra1 Rc2 0-1

[Event "39th WCh U20 Girls"]
[Site "Mexico City MEX"]
[Date "2023.09.28"]
[Round "8.9"]
[White "Rodriguez Redondo, Adhara"]
[Black "Mikheeva, Galina"]
[Result "1/2-1/2"]
[WhiteElo "2135"]
[BlackElo "1969"]
[EventDate "2023.09.21"]
[PlyCount "127"]

1.e4 e5 2.Nf3 Nc6 3.Bc4 Bc5 4.O-O Nf6 5.d3 O-O 6.h3 d5 7.exd5 Nxd5 8.Re1 
Nb6 9.Bb3 h6 10.Nbd2 Bd6 11.a4 a5 12.Ne4 Bf5 13.Ng3 Bg6 14.c3 Re8 15.Be3 
Nd7 16.Bc4 Bc5 17.h4 Bxe3 18.Rxe3 Nb6 19.Bb5 Nd5 20.Re1 Qf6 21.h5 Bh7 22.
d4 exd4 23.Rxe8+ Rxe8 24.Nxd4 Nde7 25.Nxc6 bxc6 26.Qd7 Kf8 27.Bc4 Qd6 28.
Rd1 Qxd7 29.Rxd7 Rc8 30.b4 Ke8 31.Rd2 Ra8 32.Ra2 Nc8 33.Be2 Nd6 34.Bf3 Ra6
35.Ne2 Be4 36.Nd4 Kd7 37.Be2 Ra8 38.f3 Bd5 39.Ra1 g6 40.hxg6 fxg6 41.Bd3 
g5 42.Bc2 Rb8 43.bxa5 Ra8 44.Kf2 Rxa5 45.Re1 Nf7 46.Rh1 Ra8 47.Ke3 Re8+ 
48.Kd3 Ra8 49.Nf5 Re8 50.Kd2 g4 51.fxg4 Bxg2 52.Rh2 Bf3 53.Ne3 Rh8 54.Bf5+
Kd6 55.c4 Kc5 56.Kc3 Re8 57.Nc2 Ne5 58.Rh5 Kb6 59.Rxh6 Bxg4 60.Bxg4 Nxg4 
61.Rg6 Ne5 62.Rg5 c5 63.Rg7 Rd8 64.Rg3 1/2-1/2

[Event "39th WCh U20 Girls"]
[Site "Mexico City MEX"]
[Date "2023.09.28"]
[Round "8.10"]
[White "Goraj, Barbara"]
[Black "Castellanos Hernandez, Lhia Itzayana"]
[Result "1-0"]
[WhiteElo "2135"]
[BlackElo "1890"]
[EventDate "2023.09.21"]
[PlyCount "55"]

1.Nf3 d5 2.c4 e6 3.g3 c6 4.b3 Nd7 5.Bb2 b5 6.cxb5 cxb5 7.Bg2 Ngf6 8.O-O 
Be7 9.d3 Bb7 10.Nbd2 O-O 11.e3 Rc8 12.Nd4 Qb6 13.f4 Bb4 14.N2f3 Ng4 15.Qe2
Bc3 16.Bxc3 Rxc3 17.h3 Nh6 18.b4 f6 19.Kh2 e5 20.Nb3 Nf5 21.Rfe1 e4 22.
Nfd4 Nxd4 23.Nxd4 Rxd3 24.Qb2 Ne5 25.fxe5 fxe5 26.Nb3 Rxe3 27.Qxe5 h6 28.
Nc5 1-0

[Event "39th WCh U20 Girls"]
[Site "Mexico City MEX"]
[Date "2023.09.28"]
[Round "8.11"]
[White "Walter, Ema"]
[Black "Vanduyfhuys, Daria"]
[Result "1-0"]
[WhiteElo "2063"]
[BlackElo "2088"]
[EventDate "2023.09.21"]
[PlyCount "81"]

1.e4 c5 2.Nf3 d6 3.d4 cxd4 4.Qxd4 Nf6 5.Nc3 Nc6 6.Bb5 Bd7 7.Bxc6 Bxc6 8.
Bg5 e6 9.O-O-O Be7 10.Rhe1 O-O 11.Kb1 Qa5 12.Qd2 Kh8 13.Nd4 Rac8 14.f3 
Rfd8 15.g4 a6 16.h4 b5 17.Be3 b4 18.Nce2 Ba4 19.h5 e5 20.Nb3 Bxb3 21.axb3 
d5 22.Ng3 dxe4 23.Qf2 exf3 24.h6 g6 25.Qxf3 Qc7 26.Rc1 Qc6 27.Qe2 Qe6 28.
Bg5 Rd5 29.Rf1 Ng8 30.Bxe7 Qxe7 31.Qxa6 Rdd8 32.g5 Ra8 33.Qb5 Qxg5 34.Ne4 
Qe7 35.Rxf7 Qxf7 36.Qxe5+ Nf6 37.Nxf6 Ra6 38.Ne4+ Kg8 39.c3 bxc3 40.Qxc3 
Qf5 41.Qg7# 1-0

[Event "39th WCh U20 Girls"]
[Site "Mexico City MEX"]
[Date "2023.09.28"]
[Round "8.12"]
[White "Ivan, Reka Gyongyver"]
[Black "Ciolacu, Alessia-Mihaela"]
[Result "0-1"]
[WhiteElo "1857"]
[BlackElo "2199"]
[EventDate "2023.09.21"]
[PlyCount "120"]

1.d4 Nf6 2.Bg5 g6 3.Bxf6 exf6 4.c4 d5 5.cxd5 Qxd5 6.Nc3 Qd8 7.g3 Bg7 8.e3 
O-O 9.Bg2 f5 10.Nge2 Nd7 11.O-O Nf6 12.Qd3 Re8 13.Rfc1 Bf8 14.a3 a5 15.Qc2
c6 16.Rd1 Bd6 17.Rac1 Qe7 18.d5 cxd5 19.Nb5 Be6 20.Nxd6 Qxd6 21.Qc3 Bd7 
22.Nf4 Bc6 23.Qd4 Rad8 24.Rc5 b6 25.Rc3 Ba8 26.Rb3 Rb8 27.Nxd5 Bxd5 28.
Bxd5 Nxd5 29.Qxd5 Qe6 30.Rb5 Qe7 31.Qc6 Qb7 32.Qxb7 Rxb7 33.Rd6 Re6 34.Rd3
Rc7 35.Rd8+ Kg7 36.Rb8 Rcc6 37.Rb7 Kf6 38.Kg2 Red6 39.h4 Kg7 40.b4 Rc2 41.
bxa5 Rdd2 42.R7xb6 Rxf2+ 43.Kg1 Rg2+ 44.Kh1 Ra2 45.a6 Rge2 46.Rb2 Ra1+ 47.
Rb1 Rxa3 48.R1b3 Raa2 49.Rb1 Rxe3 50.R1b2 Rxb2 51.Rxb2 Ra3 52.Kh2 Rxa6 53.
Kg2 Ra4 54.Kf3 Rg4 55.Rb5 h5 56.Rc5 f4 57.gxf4 Rxh4 58.Rg5 Rh1 59.Kg2 Ra1 
60.f5 Kf6 0-1

[Event "39th WCh U20 Girls"]
[Site "Mexico City MEX"]
[Date "2023.09.28"]
[Round "8.13"]
[White "Getman, Tatyana"]
[Black "Yedigarian, Asya"]
[Result "1-0"]
[WhiteElo "2172"]
[BlackElo "1786"]
[EventDate "2023.09.21"]
[PlyCount "83"]

1.d4 Nf6 2.c4 e6 3.Nc3 Bb4 4.Qc2 d5 5.cxd5 exd5 6.Bf4 O-O 7.e3 c5 8.dxc5 
Qa5 9.Bd3 Nbd7 10.Ne2 Nxc5 11.O-O Nxd3 12.Qxd3 a6 13.a3 Bxc3 14.Nxc3 Be6 
15.Rfd1 Rac8 16.b4 Qb6 17.Rac1 Rc6 18.Na4 Qb5 19.Rxc6 Qxc6 20.Nc5 Ne4 21.
Nb3 Rc8 22.f3 Nc3 23.Rd2 Qa4 24.Nc5 Qxa3 25.Rc2 Qa1+ 26.Kf2 b6 27.Rxc3 
bxc5 28.bxc5 Qb2+ 29.Rc2 Qb1 30.Qc3 h5 31.c6 Bf5 32.Rd2 Qb5 33.c7 a5 34.
Rb2 Qa6 35.Ra2 Ra8 36.Qe5 Qe6 37.Qd4 Qc6 38.Rb2 Kh7 39.Qe5 g6 40.Rb8 Bc8 
41.Rxa8 Qxa8 42.Qe8 1-0

[Event "39th WCh U20 Girls"]
[Site "Mexico City MEX"]
[Date "2023.09.28"]
[Round "8.14"]
[White "Mogollon Tobar, Nicolle Julieth"]
[Black "Zhang Xiao"]
[Result "0-1"]
[WhiteElo "1943"]
[BlackElo "2128"]
[EventDate "2023.09.21"]
[PlyCount "122"]

1.e4 c6 2.d4 d5 3.exd5 cxd5 4.Bd3 Nc6 5.c3 Qc7 6.Ne2 Bg4 7.O-O Nf6 8.Qe1 
Bxe2 9.Qxe2 e6 10.Nd2 Bd6 11.Nf3 O-O 12.Bg5 Nd7 13.Rae1 Rae8 14.Qc2 h6 15.
Be3 f5 16.Bc1 Nf6 17.g3 Ne4 18.Nh4 Qf7 19.f4 g5 20.Bxe4 gxh4 21.Bf3 Kh8 
22.Qe2 Qf6 23.Rf2 Rg8 24.Rg2 Re7 25.Bh5 Nb8 26.Kh1 Nd7 27.Reg1 Reg7 28.Qe1
Qe7 29.Re2 Nf8 30.Rgg2 Qc7 31.Qf2 Kh7 32.Qf3 Qe7 33.Qf2 Kh8 34.Qe1 Kh7 35.
Qf2 Qd8 36.b3 Be7 37.Qe3 Bf6 38.Ba3 Be7 39.Bxe7 Qxe7 40.Qf2 Ng6 41.Qe1 Nf8
42.Qf2 b5 43.Qe1 Qd6 44.Re3 Rc7 45.Qd2 a5 46.Be2 Qc6 47.Bf1 b4 48.cxb4 Qc1
49.Re1 Qxd2 50.Rxd2 axb4 51.Kg2 Kg7 52.Bb5 Kf6 53.Re3 Ng6 54.Kf3 h5 55.
Rde2 Re7 56.Rc2 hxg3 57.hxg3 h4 58.gxh4 Nxh4+ 59.Ke2 Rg4 60.Kd3 Ng2 61.Rf3
Ne1+ 0-1

[Event "39th WCh U20 Girls"]
[Site "Mexico City MEX"]
[Date "2023.09.28"]
[Round "8.15"]
[White "Benito De Leo, Estefania"]
[Black "Ter-Avetisjana, Agnesa Stepania"]
[Result "1/2-1/2"]
[WhiteElo "1712"]
[BlackElo "2080"]
[EventDate "2023.09.21"]
[PlyCount "83"]

1.e4 c6 2.d4 d5 3.exd5 cxd5 4.c4 Nf6 5.Nc3 Nc6 6.Bg5 Be6 7.Bxf6 exf6 8.c5 
g6 9.Nf3 Bg7 10.Bb5 O-O 11.h3 f5 12.O-O Qc7 13.Re1 f4 14.a3 Ne7 15.Bd3 a6 
16.Qd2 Bf6 17.Ne5 Bxe5 18.dxe5 f3 19.Qe3 fxg2 20.Kxg2 Nc6 21.Qg3 Nd4 22.
Rac1 Nb3 23.Rc2 Qa5 24.Rg1 Rac8 25.h4 Nd4 26.h5 Nf5 27.Bxf5 Bxf5 28.Rd2 
Qxc5 29.Rgd1 Rfd8 30.Rd4 Qc6 31.Kh2 Be6 32.Ne4 Qc2 33.Nf6+ Kg7 34.R1d2 Qf5
35.Re2 Rc4 36.Rxc4 dxc4 37.Re4 Rd3 38.h6+ Kh8 39.Re3 g5 40.Rxd3 cxd3 41.
Ne4 f6 42.Qxd3 1/2-1/2

[Event "39th WCh U20 Girls"]
[Site "Mexico City MEX"]
[Date "2023.09.28"]
[Round "8.16"]
[White "Sosovickova, Jana"]
[Black "Moracchini, Margaux"]
[Result "0-1"]
[WhiteElo "2045"]
[BlackElo "1897"]
[EventDate "2023.09.21"]
[PlyCount "112"]

1.e4 c5 2.Nc3 e6 3.Nf3 a6 4.a4 Qc7 5.g3 d6 6.Bg2 Nf6 7.O-O Be7 8.Re1 e5 9.
d3 h6 10.Nd2 O-O 11.Nc4 Nbd7 12.a5 b5 13.axb6 Nxb6 14.b3 Bd7 15.Bd2 Bc6 
16.Ra2 Ra7 17.Qe2 Nh7 18.Rea1 Rfa8 19.Nd1 Bd8 20.Nde3 Nxc4 21.Nxc4 Nf8 22.
f4 Qe7 23.f5 Nd7 24.Kh1 Bb5 25.Qe1 Nb6 26.Na5 Nd7 27.c4 Bxa5 28.cxb5 Bxd2 
29.Qxd2 Nb8 30.bxa6 Rxa6 31.Bf1 Rxa2 32.Rxa2 Rxa2 33.Qxa2 Qb7 34.Be2 Kh7 
35.Kg2 Nc6 36.Bd1 Qa7 37.Qf2 Qe7 38.h4 Nb4 39.Be2 Qd8 40.g4 Qe7 41.Kh3 Nc6
42.Bd1 Qd8 43.Qd2 Qa5 44.Qe3 Qa1 45.Bf3 Qd4 46.Qd2 Qg1 47.Bg2 Qb1 48.g5 
Qxb3 49.Bf1 c4 50.g6+ fxg6 51.fxg6+ Kxg6 52.Qf2 Nd4 53.h5+ Kh7 54.Qg3 c3 
55.Qg6+ Kh8 56.Qxd6 Qe6+ 0-1

[Event "39th WCh U20 Girls"]
[Site "Mexico City MEX"]
[Date "2023.09.28"]
[Round "8.17"]
[White "Tomasi, Elise"]
[Black "Hernandez Ortega, Carolina"]
[Result "1-0"]
[WhiteElo "2021"]
[BlackElo "1729"]
[EventDate "2023.09.21"]
[PlyCount "77"]

1.d4 Nf6 2.Nf3 e6 3.g3 b6 4.Bg2 Bb7 5.O-O Be7 6.c4 O-O 7.d5 exd5 8.Nd4 c6 
9.cxd5 Nxd5 10.e4 Nc7 11.Nc3 Bf6 12.f4 c5 13.Nf5 g6 14.Nh6+ Kh8 15.e5 Bxg2
16.Kxg2 Bg7 17.f5 Nc6 18.fxg6 Nxe5 19.Nxf7+ Nxf7 20.Qh5 Nh6 21.Bxh6 Bxh6 
22.Qxh6 Qe7 23.gxh7 Qg7 24.Qd6 Ne6 25.Rad1 Rad8 26.Rxf8+ Qxf8 27.Qe5+ Qg7 
28.Qd6 Qxh7 29.Qxe6 Qc2+ 30.Qe2 Qxe2+ 31.Nxe2 d5 32.b3 d4 33.Nf4 a5 34.a4 
Re8 35.Kf2 Re3 36.Rd3 c4 37.Rxe3 dxe3+ 38.Kxe3 cxb3 39.Kd3 1-0

[Event "39th WCh U20 Girls"]
[Site "Mexico City MEX"]
[Date "2023.09.28"]
[Round "8.18"]
[White "Destic, Elena"]
[Black "Viana, Valeria"]
[Result "1/2-1/2"]
[WhiteElo "1904"]
[BlackElo "1620"]
[EventDate "2023.09.21"]
[PlyCount "119"]

1.e4 c6 2.d4 d5 3.e5 Bf5 4.h4 h5 5.Bg5 Qb6 6.Bd3 Bxd3 7.Qxd3 e6 8.Nd2 Be7 
9.Ngf3 Bxg5 10.hxg5 Ne7 11.Nh4 g6 12.O-O Nd7 13.c4 Rc8 14.Rac1 O-O 15.Rc3 
c5 16.cxd5 exd5 17.dxc5 Rxc5 18.Rb3 Qc7 19.e6 Ne5 20.exf7+ Rxf7 21.Qe3 Ng4
22.Qg3 Qa5 23.Ndf3 Rc2 24.Qd6 Qxa2 25.Rxb7 Re2 26.Nxg6 Nf5 27.Qd8+ Kg7 28.
Rxf7+ Kxf7 29.Nh8+ Kg7 30.g6 Qxb2 31.Qxd5 Qf6 32.Rc1 Re7 33.Nf7 Qxg6 34.
N7g5 Qf6 35.Nh3 Qb2 36.Rf1 Qf6 37.Nf4 Qf7 38.Qxf7+ Kxf7 39.Nxh5 Nf6 40.
Nxf6 Kxf6 41.Ra1 Rb7 42.Ra6+ Ke7 43.Ne5 Nd4 44.Kh2 Nb5 45.f4 Nc7 46.Rxa7 
Rxa7 47.Nc6+ Kf6 48.Nxa7 Kf5 49.Kg3 Nd5 50.Kh4 Nxf4 51.g4+ Kf6 52.Nc6 Ne6 
53.Kh5 Nf4+ 54.Kh6 Ne6 55.Nb8 Ke5 56.Nd7+ Kf4 57.Nf6 Ng5 58.Kh5 Ne6 59.Nh7
Ng7+ 60.Kg6 1/2-1/2

[Event "39th WCh U20 Girls"]
[Site "Mexico City MEX"]
[Date "2023.09.28"]
[Round "8.19"]
[White "Garcia Hernandez, Rebeca"]
[Black "Diaz Charpentier, Kristel Meliss"]
[Result "0-1"]
[WhiteElo "1671"]
[BlackElo "1951"]
[EventDate "2023.09.21"]
[PlyCount "144"]

1.d4 Nf6 2.c4 e6 3.Nf3 Bb4+ 4.Bd2 c5 5.g3 O-O 6.Bg2 d6 7.O-O Nc6 8.a3 Bxd2
9.Qxd2 cxd4 10.Nxd4 Ne5 11.b3 a6 12.Nc3 Qc7 13.Rac1 Rd8 14.Qb2 Bd7 15.Rfd1
Rac8 16.Nf3 Ng6 17.Ng5 Qb6 18.Nce4 Ne8 19.Qb1 h6 20.Nf3 f5 21.Ned2 Nf6 22.
e3 Ne7 23.h4 Qa5 24.Qb2 b5 25.b4 Qb6 26.Qb3 Kh8 27.Rc2 a5 28.Rdc1 axb4 29.
Qxb4 Qc5 30.Qb3 Rb8 31.Qa2 b4 32.Nb3 Qa7 33.axb4 Qxa2 34.Rxa2 Rxb4 35.Nbd4
Rc8 36.Nd2 e5 37.Nc2 Rb6 38.Rca1 Be6 39.Ra8 Rb2 40.R8a2 Rxa2 41.Rxa2 Bxc4 
42.Ra8 Bd5 43.Rxc8+ Nxc8 44.Bxd5 Nxd5 45.Nc4 Kg8 46.Kf1 Kf7 47.Ke2 Ke6 48.
Kd2 g5 49.hxg5 hxg5 50.Nb2 g4 51.Nd3 Ncb6 52.Ndb4 Nxb4 53.Nxb4 d5 54.Nc6 
Nc4+ 55.Kd3 Nd6 56.Nd8+ Kd7 57.Ke2 Kxd8 58.f3 gxf3+ 59.Kxf3 Nc4 60.Ke2 Ke7
61.Kd3 Kf6 62.g4 fxg4 63.e4 dxe4+ 64.Kxe4 Kg5 65.Kd3 g3 66.Ke2 Kf4 67.Ke1 
Kf3 68.Kf1 g2+ 69.Kg1 Ne3 70.Kh2 Kf2 71.Kh3 g1=Q 72.Kh4 Qg4# 0-1

[Event "39th WCh U20 Girls"]
[Site "Mexico City MEX"]
[Date "2023.09.28"]
[Round "8.20"]
[White "Saravanan, Durga"]
[Black "Lopez Rayo, Isabella"]
[Result "1/2-1/2"]
[WhiteElo "1757"]
[BlackElo "1876"]
[EventDate "2023.09.21"]
[PlyCount "122"]

1.d4 Nf6 2.c4 c5 3.d5 b5 4.cxb5 a6 5.bxa6 e6 6.Nc3 exd5 7.Nxd5 Be7 8.Bf4 
Nxd5 9.Qxd5 Nc6 10.g3 O-O 11.Bg2 Rxa6 12.Nf3 Nb4 13.Qd2 Rxa2 14.Rxa2 Nxa2 
15.O-O d5 16.Ra1 Nb4 17.Ra7 Bd6 18.Bxd6 Qxd6 19.Qg5 Qb6 20.Re7 Nc6 21.Re3 
Be6 22.Qh5 Qxb2 23.Ng5 Qb1+ 24.Bf1 Bf5 25.Re8 Bg6 26.Rxf8+ Kxf8 27.Qg4 Qf5
28.Qxf5 Bxf5 29.Bg2 c4 30.Kf1 c3 31.Ke1 Bb1 32.Bxd5 Nd4 33.Bc4 Ke7 34.Nxf7
c2 35.Kd2 Nxe2 36.Bxe2 Kxf7 37.Bc4+ Kf6 38.Bb3 h5 39.Bxc2 Ba2 40.Ke3 g6 
41.Kf4 Bd5 42.h4 Bc4 43.f3 Be6 44.Ba4 Bc8 45.Be8 Be6 46.Bc6 Bc8 47.Be4 Bd7
48.Ke3 Bc8 49.Kd4 Bd7 50.Kd5 Bc8 51.Kd6 Bh3 52.Kc7 Bf1 53.Kd8 Bb5 54.Bb7 
Ba4 55.Bc8 Bc6 56.f4 Bb5 57.g4 hxg4 58.Bxg4 Ba4 59.h5 gxh5 60.Bxh5 Kf5 61.
Ke7 Kxf4 1/2-1/2

[Event "39th WCh U20 Girls"]
[Site "Mexico City MEX"]
[Date "2023.09.28"]
[Round "8.21"]
[White "Faganel, Kaja"]
[Black "Mayorga Araya, Sofia"]
[Result "0-1"]
[WhiteElo "1615"]
[BlackElo "1825"]
[EventDate "2023.09.21"]
[PlyCount "34"]

1.Nf3 d5 2.c4 e6 3.g3 Nf6 4.Bg2 c5 5.cxd5 exd5 6.d4 Nc6 7.dxc5 Bxc5 8.O-O 
O-O 9.a3 a5 10.b3 Ne4 11.Bb2 Qb6 12.e3 Bxe3 13.fxe3 Qxe3+ 14.Kh1 Nf2+ 15.
Rxf2 Qxf2 16.Bc3 Bg4 17.Be1 Bxf3 0-1

[Event "39th WCh U20 Girls"]
[Site "Mexico City MEX"]
[Date "2023.09.28"]
[Round "8.22"]
[White "Velarde Hernandez, Paulina Yunuen"]
[Black "Mukul Aldana, Daniela Maria"]
[Result "0-1"]
[WhiteElo "1557"]
[BlackElo "1798"]
[EventDate "2023.09.21"]
[PlyCount "114"]

1.d4 d5 2.c4 dxc4 3.Qa4+ c6 4.Qxc4 Nf6 5.Nf3 e6 6.g3 Be7 7.Bg2 O-O 8.O-O 
Qd5 9.Qc2 Nbd7 10.Nc3 Qh5 11.b3 e5 12.Ne4 exd4 13.Nxd4 Re8 14.Bf3 Ng4 15.
Bxg4 Qxg4 16.f3 Qg6 17.Bf4 Nc5 18.Nxc5 Qxc2 19.Nxc2 Bxc5+ 20.e3 Bf5 21.Nd4
Bxd4 22.exd4 Re2 23.Rfe1 Rae8 24.Be5 Rxe1+ 25.Rxe1 f6 26.g4 Bxg4 27.fxg4 
fxe5 28.dxe5 Kf7 29.Kf2 Ke6 30.Ke3 Rd8 31.Rf1 Rd7 32.Rf5 g6 33.Rf4 Kxe5 
34.Re4+ Kf6 35.h4 Re7 36.g5+ Kf7 37.Rxe7+ Kxe7 38.b4 b6 39.a4 a6 40.Kd4 
Kd6 41.Ke4 a5 42.bxa5 bxa5 43.Kd4 c5+ 44.Ke4 Ke6 45.Kd3 Kd5 46.Kc3 c4 47.
Kc2 Kd4 48.Kd2 c3+ 49.Kc2 Kc4 50.Kc1 Kb3 51.Kb1 Kxa4 52.Ka2 Kb4 53.Kb1 Kb3
54.Kc1 c2 55.h5 gxh5 56.g6 hxg6 57.Kd2 Kb2 0-1

[Event "39th WCh U20 Girls"]
[Site "Mexico City MEX"]
[Date "2023.09.28"]
[Round "8.23"]
[White "Montano Vicente, Guadalupe"]
[Black "Mendoza Recio, Josselyne"]
[Result "0-1"]
[WhiteElo "1727"]
[BlackElo "1573"]
[EventDate "2023.09.21"]
[PlyCount "78"]

1.d4 d5 2.c4 e6 3.Nc3 Bb4 4.Nf3 Nf6 5.Qa4+ Nc6 6.Bg5 h6 7.Bxf6 Qxf6 8.Ne5 
O-O 9.Nxc6 Bxc3+ 10.bxc3 Bd7 11.cxd5 exd5 12.e3 a6 13.Bd3 Bxc6 14.Qc2 b5 
15.O-O Qh4 16.Rfe1 Rfe8 17.Re2 Rab8 18.f3 Bd7 19.Qb3 Qg5 20.Rae1 a5 21.Qa3
a4 22.Qc5 c6 23.a3 Bf5 24.Bxf5 Qxf5 25.Qxc6 Rec8 26.Qd6 Qd3 27.Qxd5 Rxc3 
28.Qe4 Rxa3 29.Qxd3 Rxd3 30.Ra1 a3 31.Rea2 b4 32.Re1 Ra8 33.Kf2 b3 34.Ke2 
Rc3 35.Rd2 b2 36.d5 Rc1 37.Rdd1 b1=Q 38.Rxc1 Qb2+ 39.Kf1 Qb5+ 0-1

[Event "39th WCh U20 Girls"]
[Site "Mexico City MEX"]
[Date "2023.09.28"]
[Round "8.24"]
[White "Cabrera Cruz, Brenda Elisa"]
[Black "Hernandez Bermudez, Manuela"]
[Result "0-1"]
[WhiteElo "1682"]
[BlackElo "1905"]
[EventDate "2023.09.21"]
[PlyCount "54"]

1.e4 c5 2.Nf3 d6 3.d4 cxd4 4.Nxd4 Nf6 5.Nc3 a6 6.Bg5 Nbd7 7.f4 Qc7 8.Qf3 
b5 9.O-O-O Bb7 10.Bd3 g6 11.Rhe1 Bg7 12.Qh3 O-O 13.Bh6 b4 14.Bxg7 Kxg7 15.
Nd5 Nxd5 16.exd5 Nf6 17.Re3 Bxd5 18.Nf5+ gxf5 19.Bxf5 Be6 20.g4 Bxf5 21.
gxf5 Rac8 22.Rd2 Kh8 23.Rg2 Rg8 24.Reg3 d5 25.Qh4 Rxg3 26.hxg3 Qc4 27.Rf2 
Ne4 0-1

[Event "39th WCh U20 Girls"]
[Site "Mexico City MEX"]
[Date "2023.09.28"]
[Round "8.25"]
[White "Maione, Melissa"]
[Black "Tec Rodas, Sofia Isavelina"]
[Result "1-0"]
[WhiteElo "1931"]
[BlackElo "1675"]
[EventDate "2023.09.21"]
[PlyCount "119"]

1.e4 e5 2.Nf3 Nc6 3.Bb5 a6 4.Ba4 d6 5.O-O Bd7 6.c3 Nge7 7.d4 Ng6 8.h3 Be7 
9.Be3 h6 10.Re1 Bg5 11.d5 Nb8 12.Bc2 Bxe3 13.Rxe3 O-O 14.Nbd2 f5 15.exf5 
Nf4 16.Qb1 Nxd5 17.Re1 Nc6 18.Nf1 Qf6 19.Bb3 Ne7 20.Ne3 c6 21.Qd3 Kh8 22.
Nxd5 cxd5 23.Bxd5 Nxd5 24.Qxd5 Bc6 25.Qe6 Bxf3 26.gxf3 Qg5+ 27.Kh1 Qh5 28.
Kg2 Rxf5 29.Re3 Raf8 30.Qd5 R8f6 31.Rh1 Qg5+ 32.Kf1 Rg6 33.Ke2 Qg2 34.Qxb7
Rgf6 35.Rd1 Qxh3 36.Rxd6 Rxd6 37.Qb8+ Kh7 38.Qxd6 Qh5 39.Qd3 a5 40.Rxe5 g6
41.Re7+ Kg8 42.Qe3 Rf7 43.Re8+ Kh7 44.c4 Qf5 45.Qc3 Rf6 46.Re5 Qf4 47.c5 
g5 48.c6 g4 49.Qd3+ Kh8 50.Re8+ Kg7 51.Re7+ Rf7 52.Rxf7+ Kxf7 53.Qd7+ Kf6 
54.Qxg4 Qe5+ 55.Qe4 Qxb2+ 56.Kf1 Qc1+ 57.Kg2 h5 58.f4 Qd1 59.Qe5+ Kf7 60.
Qg5 1-0

[Event "39th WCh U20 Girls"]
[Site "Mexico City MEX"]
[Date "2023.09.28"]
[Round "8.26"]
[White "Castillo Beitia, Ashley Alexandra"]
[Black "Amulya, Guruprasad"]
[Result "1-0"]
[WhiteElo "1870"]
[BlackElo "1633"]
[EventDate "2023.09.21"]
[PlyCount "59"]

1.d4 Nf6 2.c4 g6 3.Nc3 d5 4.Nf3 Bg7 5.h4 O-O 6.cxd5 Nxd5 7.h5 Nxc3 8.bxc3 
c5 9.hxg6 hxg6 10.Bh6 Bxh6 11.Rxh6 Kg7 12.Qd2 Rh8 13.Rxh8 Qxh8 14.e4 Nc6 
15.d5 Na5 16.Qf4 Kf8 17.Rc1 b6 18.Be2 Qf6 19.Qe3 Kg7 20.e5 Qf5 21.Kd2 f6 
22.Rh1 g5 23.Bd3 Qf4 24.Rh7+ Kf8 25.Qxf4 gxf4 26.e6 Bb7 27.Nh4 Kg8 28.Rxe7
Bxd5 29.Bh7+ Kh8 30.Ng6# 1-0

[Event "39th WCh U20 Girls"]
[Site "Mexico City MEX"]
[Date "2023.09.29"]
[Round "9.1"]
[White "Lu Miaoyi"]
[Black "Yip, Carissa"]
[Result "1-0"]
[WhiteElo "2214"]
[BlackElo "2372"]
[EventDate "2023.09.21"]
[PlyCount "91"]

1.e4 e5 2.Nf3 Nc6 3.Bb5 a6 4.Ba4 Nf6 5.O-O d6 6.c3 Bd7 7.Re1 g6 8.d4 Bg7 
9.h3 O-O 10.Bc2 Qe8 11.Nbd2 Nh5 12.Nf1 f5 13.exf5 gxf5 14.dxe5 dxe5 15.Ng3
Nxg3 16.fxg3 Be6 17.Bf4 Rd8 18.Qb1 Bc8 19.Bg5 Rd6 20.g4 h6 21.Be3 fxg4 22.
hxg4 Bxg4 23.Nh2 Qh5 24.Bc5 Rd2 25.Bxf8 Bxf8 26.Bb3+ Kh8 27.Qe4 Bf5 28.Qe3
Rxb2 29.Rf1 Qg6 30.Bd5 e4 31.Bxe4 Ne7 32.Qd4+ Bg7 33.Qd8+ Kh7 34.Rxf5 Nxf5
35.Rf1 Rxg2+ 36.Bxg2 Ne3 37.Rf2 Qb1+ 38.Bf1 Qg6+ 39.Bg2 Qb1+ 40.Nf1 Ng4 
41.Rf4 Qb6+ 42.Kh1 Nf6 43.Bh3 Qc6+ 44.Kh2 h5 45.Bf5+ Kh6 46.Qd2 1-0

[Event "39th WCh U20 Girls"]
[Site "Mexico City MEX"]
[Date "2023.09.29"]
[Round "9.2"]
[White "Krasteva, Beloslava"]
[Black "Obregon Garcia, Roxangel"]
[Result "1-0"]
[WhiteElo "2223"]
[BlackElo "2171"]
[EventDate "2023.09.21"]
[PlyCount "137"]

1.d4 d5 2.c4 c6 3.cxd5 cxd5 4.Bf4 Nc6 5.e3 Nf6 6.Nc3 a6 7.Be2 Bf5 8.Nf3 e6
9.Qb3 Nh5 10.Be5 Qd7 11.h3 Nf6 12.O-O Ne4 13.Na4 Na5 14.Qd1 Qd8 15.Rc1 Bd6
16.Nc5 Bxe5 17.Nxe5 f6 18.Ned3 b6 19.Nxe4 Bxe4 20.Nf4 Kf7 21.Qa4 Qd6 22.
Rc3 g5 23.Nh5 Nc4 24.Bxc4 b5 25.Bxb5 axb5 26.Qb3 Rhc8 27.Rfc1 Rc4 28.Ng3 
Bd3 29.Rd1 Rb4 30.Rc7+ Qxc7 31.Qxb4 Qc2 32.Qd2 Qxd2 33.Rxd2 Bb1 34.a3 b4 
35.axb4 Rb8 36.Ne2 Rxb4 37.Nc3 Bg6 38.f3 Ke7 39.Kf2 Kd6 40.e4 Kc6 41.Ke3 
Kd6 42.exd5 exd5 43.Na2 Rb3+ 44.Ke2 f5 45.Nc1 Rb4 46.f4 h6 47.b3 gxf4 48.
Kf3 Rb8 49.Ra2 Bh5+ 50.Kxf4 Re8 51.Ra6+ Kd7 52.Rxh6 Bd1 53.Nd3 Re4+ 54.
Kxf5 Rxd4 55.Nc5+ Ke7 56.Ke5 Rd2 57.Rh7+ Kf8 58.g4 d4 59.Rd7 Re2+ 60.Kxd4 
Rh2 61.Ke5 Bc2 62.Kf6 Kg8 63.Ne6 Rf2+ 64.Kg5 Bxb3 65.Nf4 Ra2 66.h4 Ra5+ 
67.Kh6 Ra6+ 68.Ng6 Bc2 69.Rg7# 1-0